Sports Quiz

Random Sports Quiz
Score 0/159 Timer 10:00
0 Plays Today
Hint Answer % Correct
1454 YardsRudi Johnson
90.3%
1750 YardsLarry Johnson
90.3%
1462 YardsRudi Johnson
90.3%
1789 YardsLarry Johnson
90.3%
1309 Yards Rudi Johnson
90.3%
1228 Yards Chris Johnson
90.3%
2006 Yards Chris Johnson
90.3%
1364 YardsChris Johnson
90.3%
1243 Yards Chris Johnson
90.3%
1239 YardsDavid Johnson
90.3%
1341 YardsAdrian Peterson
87.1%
1760 YardsAdrian Peterson
87.1%
1383 YardsAdrian Peterson
87.1%
1298 YardsAdrian Peterson
87.1%
2097 YardsAdrian Peterson
87.1%
1266 Yards Adrian Peterson
87.1%
1485 Yards Adrian Peterson
87.1%
1236 YardsLaDainian Tomlinson
83.9%
1683 YardsLaDainian Tomlinson
83.9%
1645 YardsLaDainian Tomlinson
83.9%
1259 YardsEdgerrin James
83.9%
1548 YardsEdgerrin James
83.9%
1335 YardsLaDainian Tomlinson
83.9%
1506 YardsEdgerrin James
83.9%
1815 YardsLaDainian Tomlinson
83.9%
1474 YardsLaDainian Tomlinson
83.9%
1222 YardsEdgerrin James
83.9%
1521 YardsRobert Smith
80.6%
1399 YardsFred Taylor
80.6%
1203 YardsEmmitt Smith
80.6%
1318 YardsShaun Alexander
80.6%
1245 YardsRicky Williams
80.6%
1853 YardsRicky Williams
80.6%
1314 YardsFred Taylor
80.6%
1572 YardsFred Taylor
80.6%
1435 YardsShaun Alexander
80.6%
1372 YardsRicky WIlliams
80.6%
1696 YardsShaun Alexander
80.6%
1224 YardsFred Taylor
80.6%
1880 YardsShaun Alexander
80.6%
1528 YardsSteven Jackson
80.6%
1216 YardsChester Taylor
80.6%
1202 YardsFred Taylor
80.6%
1515 YardsDeAngelo Williams
80.6%
1416 YardsSteven Jackson
80.6%
1241 YardsSteven Jackson
80.6%
1204 YardsMarshawn Lynch
80.6%
1590 YardsMarshawn Lynch
80.6%
1257 Yards Marshawn Lynch
80.6%
1361 Yards Le'Veon Bell
80.6%
1266 YardsMarshawn Lynch
80.6%
1631 YardsEzekiel Elliott
80.6%
1268 YardsLe'Veon Bell
80.6%
Hint Answer % Correct
1291 YardsLe'Veon Bell
80.6%
1318 YardsStephen Davis
77.4%
1432 YardsStephen Davis
77.4%
1387 YardsAhman Green
77.4%
1508 YardsClinton Portis
77.4%
1240 YardsAhman Green
77.4%
1883 YardsAhman Green
77.4%
1591 YardsClinton Portis
77.4%
1444 YardsStephen Davis
77.4%
1315 YardsClinton Portis
77.4%
1516 YardsClinton Portis
77.4%
1416 YardsThomas Jones
77.4%
1210 Yards Thomas Jones
77.4%
1262 YardsClinton Portis
77.4%
1487 YardsClinton Portis
77.4%
1312 YardsThomas Jones
77.4%
1402 YardsThomas Jones
77.4%
1845 Yards DeMarco Murray
77.4%
1287 YardsDeMarco Murray
77.4%
1364 YardsJamal Lewis
74.2%
1327 YardsJamal Lewis
74.2%
2066 YardsJamal Lewis
74.2%
1217 Yards Brian Westbrook
74.2%
1333 YardsBrian Westbrook
74.2%
1304 YardsJamal Lewis
74.2%
1699 YardsMichael Turner
74.2%
1371 YardsMichael Turner
74.2%
1340 YardsMichael Turner
74.2%
1309 Yards LeSean McCoy
74.2%
1607 Yards LeSean McCoy
74.2%
1306 Yards LeSean McCoy
74.2%
1267 YardsLeSean McCoy
74.2%
1509 YardsEddie George
71%
1341 YardsJerome Bettis
71%
1204 YardsCurtis Martin
71%
1555 YardsPriest Holmes
71%
1513 YardsCurtis Martin
71%
1615 YardsPriest Holmes
71%
1420 YardsPriest Holmes
71%
1308 YardsCurtis Martin
71%
1697 YardsCurtis Martin
71%
1695 YardsFrank Gore
71%
1211 YardsFrank Gore
71%
1454 Yards Doug Martin
71%
1214 Yards Frank Gore
71%
1402 Yards Doug Martin
71%
1435 YardsCorey Dillon
67.7%
1359 Yards Marshall Faulk
67.7%
1382 YardsMarshall Faulk
67.7%
1315 YardsCorey Dillon
67.7%
1311 YardsCorey Dillon
67.7%
1635 YardsCorey Dillon
67.7%
1238 Yards Matt Forte
67.7%
Hint Answer % Correct
1616 YardsArian Foster
67.7%
1224 YardsArian Foster
67.7%
1424 Yards Arian Foster
67.7%
1339 Yards Matt Forte
67.7%
1246 Yards Arian Foster
67.7%
1487 Yards Mike Anderson
64.5%
1387 YardsTiki Barber
64.5%
1216 YardsTiki Barber
64.5%
1518 YardsTiki Barber
64.5%
1232 YardsWillie Parker
64.5%
1662 Yards Tiki Barber
64.5%
1494 YardsWillie Parker
64.5%
1316 Yards Willie Parker
64.5%
1339 YardsRay Rice
64.5%
1220 YardsRay Rice
64.5%
1364 YardsRay Rice
64.5%
1305 YardsTodd Gurley
64.5%
1438 YardsTravis Henry
61.3%
1356 YardsTravis Henry
61.3%
1458 YardsWarrick Dunn
61.3%
1211 Yards Travis Henry
61.3%
1467 YardsJamaal Charles
61.3%
1509 Yards Jamaal Charles
61.3%
1287 Yards Jamaal Charles
61.3%
1388 YardsDeuce McAllister
58.1%
1641 YardsDeuce McAllister
58.1%
1391 YardsMaurice Jones-Drew
58.1%
1324 YardsMaurice Jones-Drew
58.1%
1606 YardsMaurice Jones-Drew
58.1%
1273 YardsRashard Mendenhall
51.6%
1313 YardsJordan Howard
51.6%
1327 YardsKareem Hunt
51.6%
1613 YardsAlfred Morris
48.4%
1275 Yards Alfred Morris
48.4%
1255 YardsRyan Mathews
48.4%
1335 YardsWillis McGahee
45.2%
1207 YardsWillis McGahee
45.2%
1203 YardsRyan Grant
45.2%
1253 YardsRyan Grant
45.2%
1282 YardsSteve Slaton
41.9%
1235 YardsAhmad Bradshaw
41.9%
1251 YardsCedric Benson
38.7%
1206 YardsGarrison Hearst
35.5%
1242 YardsRicky Watters
32.3%
1263 Yards Stevan Ridley
32.3%
1266 Yards Justin Forsett
32.3%
1272 YardsJay Ajayi
29%
1296 YardsMichael Bennett
25.8%
1240 YardsReuben Droughns
25.8%
1247 YardsReuben Droughns
25.8%
1244 Yards C.J. Spiller
22.6%
1709 YardsEdgerrin James
6.5%
1860 YardsTiki Barber
0%
Remove Ads.
Support Sporcle.
Get the best of Sporcle when you Go Orange. This ad-free experience offers more features, more stats, and more fun while also helping to support Sporcle. Thank you for becoming a member.

You're not logged in!

Compare scores with friends on all Sporcle quizzes.
OR
Log In

Show Comments

Extras

Created Dec 10, 2018ReportNominate
Tags:2000, Rusher, Yard

Top Quizzes Today


Score Distribution

Your Account Isn't Verified!

In order to create a playlist on Sporcle, you need to verify the email address you used during registration. Go to your Sporcle Settings to finish the process.

Report this User

Report this user for behavior that violates our Community Guidelines.

Details: